=LDR 00000nam 2200000 4500 =001 INLIS000000000015093 =005 20130612110357 =008 ***********************************Ind** =035 ##$$0010-061300000015093 =041 ##$$a Ind =082 ##$$a 621.37 =090 ##$$a 621.37, PLA-p =100 ##$$a Plant, Malcolm =245 ##$$a Pengantar Ilmu Teknik Instrumentasi, Malcolm Plant, Jon Stuart =260 ##$$a 1985 $b Jakarta =300 ##$$a VII, 131 hlm, Ilus, 24 cm =650 ##$$a Instrumen, Teknik =700 ##$$a Stuart, Jon =850 ##$$a NBPNMAT